Đề cương bải giảng kinh tế lượng
Sách cung cấp cho người học cơ sở lý luận và các công cụ kỹ thuật trong việc nghiên cứu, xét đoán và kiểm định các vấn đề về kinh tế.
Na minha lista:
| Autor principal: | |
|---|---|
| Formato: | Livro |
| Idioma: | Undetermined |
| Publicado em: |
Hà Nội
Tài chính
2004
|
| Assuntos: | |
| Tags: |
Adicionar Tag
Sem tags, seja o primeiro a adicionar uma tag!
|
| Thư viện lưu trữ: | Trung tâm Học liệu Trường Đại học Cần Thơ |
|---|
| LEADER | 00775nam a2200205Ia 4500 | ||
|---|---|---|---|
| 001 | CTU_110390 | ||
| 008 | 210402s9999 xx 000 0 und d | ||
| 020 | |c 30000 | ||
| 082 | |a 330.015195 | ||
| 082 | |b Th116 | ||
| 100 | |a Phạm, Thị Thắng | ||
| 245 | 0 | |a Đề cương bải giảng kinh tế lượng | |
| 245 | 0 | |c Phạm Thị Thắng | |
| 260 | |a Hà Nội | ||
| 260 | |b Tài chính | ||
| 260 | |c 2004 | ||
| 520 | |a Sách cung cấp cho người học cơ sở lý luận và các công cụ kỹ thuật trong việc nghiên cứu, xét đoán và kiểm định các vấn đề về kinh tế. | ||
| 650 | |a Econometrics | ||
| 904 | |i Tuyến | ||
| 980 | |a Trung tâm Học liệu Trường Đại học Cần Thơ | ||